| 000 | 00538nam a22001817a 4500 | ||
|---|---|---|---|
| 005 | 20251108165913.0 | ||
| 008 | 250721s1995 xx 000 0 ara d | ||
| 082 | 1 | 4 | _aم/ط/598/جان |
| 100 | 1 | _aجانيري، انيتا | |
| 245 | 1 | 0 | _aالطيور / |
| 264 | 1 |
_aالإسكندرية : _bالمركز العربي للنشر و التوزيع، _c1995. |
|
| 300 | _a32ص | ||
| 490 | 0 | _aأضواء المعرفة | |
| 650 | 1 | 7 | _aالطيور |
| 700 | 1 |
_aغزلان، محمود _eترجمة |
|
| 942 |
_2ddc _cBK |
||
| 999 |
_c34406 _d34406 |
||